[Event "Moscow Open-F 2019"]
[Site "Moscow"]
[Date "2019.01.30"]
[Round "6"]
[White "Dulguun Altankhuyag"]
[Black "Thing, Bibek"]
[Result "1/2-1/2"]
[WhiteElo "1681"]
[BlackElo "2264"]
[Annotator "TA"]
[PlyCount "84"]
[EventDate "2019.01.26"]
[EventType "swiss"]
[EventCountry "RUS"]
[SourceTitle "playchess.com"]
[Source "ChessBase"]
[SourceQuality "1"]

{[%evp 23,84,0,9,-30,18,-44,-42,-43,-50,-99,-70,-121,-76,-97,-86,-79,-85,-78,-82,-93,-89,-107,-123,-99,-86,-82,-80,-84,-99,-75,-23,-16,-10,-18,-12,-13,-6,-6,0,0,103,95,92,95,225,216,222,209,191,0,0,0,0,0,0,0,0,0,0,0,0,0,0]} 1. d4 Nf6 (1... d5 2. c4 e6 3. Nf3 Nf6 4. e3 Be7 5. Nbd2 O-O 6. b3 b6 7. Bd3 Bb7 8. O-O c5 9. Bb2 cxd4 {1-0 (26) Halkias,S (2542)-Korneev,O (2606) Istanbul 2003}) 2. c4 $146 ({Predecessor:} 2. Nf3 e6 3. e3 b6 4. Nbd2 Bb7 5. Bd3 c5 6. b3 cxd4 7. exd4 Be7 {0-1 (40) Leichtfried,H (2095)-Krejci,J (2439) Aschach 2010}) 2... e6 3. Nf3 b6 4. e3 Bb7 5. Bd3 c5 6. Nbd2 cxd4 7. exd4 Be7 8. b3 O-O ({Predecessor:} 8... d5 9. O-O Nc6 10. Bb2 Rc8 11. Rc1 {0-1 (40) Leichtfried,H (2095)-Krejci,J (2439) Aschach 2010}) 9. Bb2 d5 10. O-O Nc6 {[%cal Bb8c6,Bc6b4,Bb4a2][%mdl 32]} 11. Rc1 Rc8 12. Qe2 Qd6 13. c5 {E14: Queen's Indian: Classical Variation (4 e3)} (13. a3 Qf4 14. Qe3 Qxe3 15. fxe3 Rfd8 16. Rf2 g6 17. b4 dxc4 18. Nxc4 Bf8 19. Rfc2 Bg7 20. b5 Ne7 21. Nce5 Nfd5 22. g3 f6 23. Nc4 Bh6 24. a4 Nf5 25. e4 Bxc1 26. Rxc1 Nb4 {1-0 (26) Halkias,S (2542)-Korneev,O (2606) Istanbul 2003}) 13... Qb8 ({Predecessor:} 13... Qf4 14. cxb6 axb6 15. Rfe1 Bd6 16. Qe3 Nb4 17. Bb1 Ne4 18. g3 Qg4 19. a3 Nxd2 20. Nxd2 Nc6 {0-1 (40) Leichtfried,H (2095)-Krejci,J (2439) Aschach 2010}) 14. cxb6 (14. Bc3 $11) 14... Nb4 $1 $15 15. Bb5 {Black is slightly better.} a6 16. Bd3 Nxa2 17. Rc7 (17. Rc5 $15) 17... Bd6 18. Rxb7 Qxb7 19. Bxa6 Qxb6 {[#] Threatens to win with ...Rc2.} 20. Bxc8 Rxc8 21. Ra1 Nb4 22. Rc1 Rxc1+ 23. Bxc1 h6 24. Ba3 Qa5 25. Bxb4 Bxb4 26. g3 Bxd2 (26... Bc3 $17 27. Kg2 Qb4) 27. Qxd2 $11 Qa1+ 28. Kg2 $1 Qb1 29. Qe3 Ne4 30. Ne5 Qb2 31. Nd7 Nc3 (31... Qc2 $11) 32. Qf4 {aiming for Qb8+.} Qxb3 33. Qc7 {Threatening mate with Qc8+.} Qc2 (33... Ne4 $16 {might work better.}) 34. Qd8+ Kh7 {Hoping for ...Qe4+.} 35. Nf8+ Kg8 {[#]} 36. Nxe6+ $2 (36. Ng6+ $1 $18 Kh7 37. Ne7 (37. Nf8+ Kg8 $11)) 36... Kh7 {The position is equal.} 37. Nf8+ Kg8 38. Ng6+ Kh7 39. Ne7 {[%csl Ge7][%cal Rd8g8]} Qe4+ 40. Kh3 {[%csl Ge7][%cal Rd8g8]} Qe6+ 41. g4 {[%csl Ge7][%cal Rd8g8]} f6 $1 42. Qe8 Ne2 {Accuracy: White = 60%, Black = 41%.} 1/2-1/2

[Event "Moscow Open-F 2019"]
[Site "Moscow"]
[Date "2019.01.31"]
[Round "7"]
[White "Sarana, Alexey"]
[Black "Mokshanov, Alexey"]
[Result "1/2-1/2"]
[WhiteElo "2630"]
[BlackElo "2442"]
[Annotator "TA"]
[PlyCount "81"]
[EventDate "2019.01.26"]
[EventType "swiss"]
[EventCountry "RUS"]
[SourceTitle "playchess.com"]
[Source "ChessBase"]
[SourceQuality "1"]

{[%evp 12,81,0,0,33,16,22,29,20,24,29,17,54,45,44,29,96,35,34,32,34,34,41,38,44,32,49,11,9,-82,-82,-82,-84,-85,-89,-74,-84,-89,-89,-89,-89,-89,-89,-89,-89,-89,-89,-126,-102,-124,-124,-102,-112,-97,-112,-129,-65,-116,-101,-117,-129,-104,-116,-168,-2,-10,0,0,0,0,0,0]} 1. d4 (1. Nf3 d5 {0-1 (46) Zhou,J (2615)-Yu,Y (2759) Tianjin 2018}) 1... d5 $146 ({Predecessor:} 1... Nf6 2. Nf3 g6 3. Bf4 Bg7 4. e3 O-O 5. Be2 d5 {1-0 (45) Tsekmes,D (1825)-Ballas,A (1796) Kavala 2013}) 2. Nf3 Nf6 3. Bf4 g6 4. e3 (4. h3 Bg7 5. c3 O-O 6. e3 c5 {0-1 (46) Zhou,J (2615)-Yu,Y (2759) Tianjin 2018}) 4... Bg7 5. h3 O-O 6. Be2 c5 7. c3 cxd4 {D02: 1 d4 d5 2 Nf3 sidelines, including 2...Nf6 3 g3 and 2...Nf6 3 Bf4} (7... Nc6 8. Nbd2 b6 9. O-O Bb7 10. Ne5 Nd7 11. Nxc6 Bxc6 12. a4 Re8 13. Re1 Qc8 14. Nf3 Qb7 15. b4 cxb4 16. cxb4 b5 17. a5 a6 18. Rc1 {0-1 (46) Zhou,J (2615)-Yu,Y (2759) Tianjin 2018}) 8. cxd4 Qb6 9. Qb3 Qxb3 {White has an edge.} 10. axb3 Nc6 11. Nc3 {[%cal Bb1c3,Bc3b5,Bb5c7][%mdl 32]} b6 ({Predecessor:} 11... Bf5 12. g4 Be4 13. O-O h6 14. Nd2 g5 15. Ndxe4 Nxe4 {1-0 (45) Tsekmes,D (1825)-Ballas,A (1796) Kavala 2013}) 12. Ne5 Nb4 {Black wants to play ...Nc2+.} 13. Kd2 Nd7 (13... Ne4+ $11 {keeps the balance.} 14. Nxe4 dxe4) 14. Nf3 (14. Nxd7 $16 Bxd7 15. Rhc1) 14... Bb7 $14 15. Rhc1 Rfc8 16. Nb5 {Strongly threatening Nc7.} a5 17. Nc7 Ra7 18. Bb5 Nf6 19. Ke2 Ne4 20. Nd2 {[#]} (20. Kf1 $11 {remains equal.}) 20... e5 $1 $17 {[%mdl 512]} 21. Bxe5 (21. dxe5 Bc6) 21... Bxe5 22. dxe5 {[#]} Bc6 $1 23. Rxc6 Nxc6 24. Nxe4 dxe4 25. Bxc6 {And now Nb5 would win.} Raxc7 26. Bxe4 {[%mdl 4096] Endgame KRR-KRB} Rc5 27. f4 Rb5 28. Ra3 Rb4 29. Bd5 Rc2+ 30. Kd3 Rxb2 31. Ra1 Rb5 32. Bc4 {Black must now prevent Kc3.} Rc5 33. g4 {[#]} Kg7 (33... Kf8 $1 $17 34. g5 Rc7) 34. Ke4 (34. h4 $15) 34... Rh2 35. Rd1 {aiming for Rd7.} b5 36. Bd5 Rxh3 37. Ra1 (37. Kd4 $17 {is a better defense.} Rc2 38. g5) 37... b4 $2 (37... Rc3 $19 38. Re1 Rh2) 38. Kd4 $11 {The position is equal.} Rc3 39. Rxa5 Rhxe3 40. Ra7 Red3+ 41. Ke4 {Accuracy: White = 64%, Black = 55%.} 1/2-1/2

[Event "Moscow Open-F 2019"]
[Site "Moscow"]
[Date "2019.01.31"]
[Round "7"]
[White "Chernyavsky, Alexander"]
[Black "Zakhartsov, Vladimir"]
[Result "0-1"]
[WhiteElo "2357"]
[BlackElo "2483"]
[Annotator "TA"]
[PlyCount "116"]
[EventDate "2019.01.26"]
[EventType "swiss"]
[EventCountry "RUS"]
[SourceTitle "playchess.com"]
[Source "ChessBase"]
[SourceQuality "1"]

{[%evp 22,116,18,19,26,0,0,0,11,4,21,22,22,24,37,50,45,6,6,7,5,7,4,6,2,-7,-12,-8,-6,-5,-6,-6,-3,-20,29,0,0,0,0,0,0,0,0,0,0,0,0,0,0,0,0,-14,0,-798,-525,-477,-528,-499,-480,-535,-305,-305,-305,-305,-305,-290,-291,-434,-410,-430,-419,-29969,-29971,-29971,-29972,-29970,-29970,-29974,-29975,-29974,-29974,-29973,-29974,-29974,-29975,-29975,-29976,-29976,-29977,-29977,-29978,-29978,-29979,-29979,-29980,-29979,-29980]} 1. Nf3 $146 ({Predecessor:} 1. d4 Nf6 {1-0 (50) Markus,R (2622)-Indjic,A (2549) Kragujevac 2013}) 1... Nf6 2. d4 g6 3. Bf4 Bg7 ({Predecessor:} 3... d6 4. h3 c5 5. e3 Bg7 6. c3 Nbd7 7. Be2 O-O 8. O-O b6 9. a4 a6 10. Nbd2 Bb7 11. Bh2 {1-0 (50) Markus,R (2622)-Indjic,A (2549) Kragujevac 2013}) 4. h3 O-O 5. e3 c5 6. c3 b6 7. Nbd2 Bb7 8. Be2 d6 9. O-O Nbd7 {[%cal Bb8d7,Bd7f6,Bf6e4][%mdl 32]} 10. Bh2 Qc7 11. a4 a6 12. Re1 Ne4 {A48: 1 d4 Nf6 2 Nf3 g6: Torre, London and Colle Systems} 13. Bf1 ({Predecessor:} 13. Nxe4 Bxe4 14. Bf1 e5 15. dxe5 Nxe5 16. Nxe5 dxe5 17. Qb3 Bc6 18. Red1 Qb7 19. Qc4 Rfe8 20. a5 bxa5 21. Rxa5 {1-0 (50) Markus,R (2622)-Indjic,A (2549) Kragujevac 2013}) 13... Ndf6 14. Qb3 Bc6 {The position is equal.} 15. Nxe4 Nxe4 16. d5 Bd7 17. Qc2 Nf6 18. e4 b5 19. e5 Nxd5 20. exd6 exd6 21. Rad1 Bc6 $1 22. axb5 axb5 23. Bxb5 Bxb5 24. Rxd5 Rfd8 25. Qd2 {[%cal Rh2d6]} Bf8 26. b4 {Threatening bxc5.} Bc6 27. Rxc5 Qb7 28. Rc4 Bxf3 29. gxf3 Qxf3 30. Bg3 Re8 31. Rf4 Qc6 {[#] And now ...Bh6 would win.} 32. Rxe8 Rxe8 33. Rd4 Ra8 34. Kh2 Ra1 {[%csl Ga1][%cal Rc6h1]} 35. Rd5 h5 {Strongly threatening ...h4!} 36. Qd3 Qe8 $40 {[%mdl 128] Hoping for ...Qe1. Black mounts an attack.} 37. Qd2 $2 {[%mdl 8192]} (37. Ra5 $11 Re1 38. c4) 37... Qe4 {[%csl Ga1][%cal Re4h1]} 38. f3 Qxf3 {[%csl Ga1][%cal Rf3h1]} 39. Qg2 Qxc3 40. Rxh5 Rb1 {...Rb2 is the strong threat.} 41. Rf5 Rb2 ({Don't play} 41... Rxb4 42. Rf2 $19) (41... gxf5 $2 {is the wrong capture.} 42. Be5+ Kh7 43. Bxc3 $18) 42. Rf2 Rxf2 ({Don't do} 42... Rxb4 43. Qd5 $19) 43. Qxf2 Qxb4 44. h4 (44. Qf4 $142 Qb2+ 45. Qf2) 44... Qe4 $19 45. h5 Qf5 46. Qxf5 {[#]} (46. hxg6 $19 fxg6 47. Kg2) 46... gxf5 {[%mdl 4096] Endgame KB-KB. Black mates.} 47. Kg2 d5 48. Kf3 Kh7 49. Bf4 Bh6 50. Bd6 Bg5 51. Ke2 Kh6 52. Kd3 Bf6 53. Ke3 Kxh5 54. Kf4 Kg6 55. Bb4 Bb2 56. Be7 Bc3 57. Bd6 d4 58. Be5 f6 {Accuracy: White = 54%, Black = 71%.} 0-1

[Event "Moscow Open-F 2019"]
[Site "Moscow"]
[Date "2019.01.31"]
[Round "7"]
[White "Smirnov, Timofey"]
[Black "Fotin, Vladimir"]
[Result "1/2-1/2"]
[WhiteElo "2347"]
[BlackElo "2341"]
[Annotator "TA"]
[PlyCount "83"]
[EventDate "2019.01.26"]
[EventType "swiss"]
[EventCountry "RUS"]
[SourceTitle "playchess.com"]
[Source "ChessBase"]
[SourceQuality "1"]

{[%evp 15,83,34,50,0,91,0,37,6,43,46,38,28,58,51,50,48,57,69,67,59,75,60,83,56,75,75,78,75,82,78,79,0,0,-47,0,-56,-54,-45,-45,-95,-87,-102,-50,-62,0,-95,-97,-137,-73,-91,-51,-63,-54,-62,-35,-36,-33,-43,-36,-52,0,-106,-101,-118,-123,-114,0,-98,0,-104]} 1. e4 c5 2. Nf3 e6 3. d4 cxd4 4. Nxd4 a6 5. c4 Nf6 6. Nc3 Bb4 7. Qd3 {B41: Sicilian: Kan Variation: 5 c4} d6 (7... Qc7 8. Nc2 Bc5 9. Be2 O-O 10. O-O Nc6 11. Kh1 d6 12. f4 Bd7 13. a3 Rad8 14. b4 Ba7 {½-½ (115) Karjakin,S (2782)-Caruana,F (2816) Paris 2018}) 8. Nc2 Bxc3+ {LiveBook: 22 Games} 9. bxc3 {White is slightly better.} Nbd7 (9... O-O $11) 10. f3 (10. Qxd6 $16 {Hoping for f3.} Qb6 11. Qxb6 Nxb6 12. f3) 10... Qc7 $146 ({Predecessor:} 10... Nc5 11. Qd4 e5 12. Qe3 O-O 13. Nb4 Be6 14. Be2 Rc8 {1-0 (63) Nomin Erdene,D (2422)-Krush,I (2444) Baku 2016}) 11. Bg5 Nc5 12. Qd2 h6 13. Bh4 e5 14. Rd1 Ke7 15. Be2 Be6 16. O-O g5 17. Bf2 Rac8 18. Ne3 Rhd8 19. Qc2 Qa5 20. Rb1 Nfd7 {[%cal Bf6d7,Bd7f8,Bf8g6,Bg6f4][%mdl 32]} 21. Rfd1 Qc7 22. h4 Rg8 23. hxg5 ({White should play} 23. Kh2 $16) 23... hxg5 $11 24. Bg3 Nf8 25. Kf2 (25. Bf2 $11) 25... Ng6 26. Rh1 Rh8 27. Rbg1 Nf4 28. Qd2 Qb6 (28... Rcg8 $17) 29. Rb1 $15 Qa5 (29... Qc6 $15 30. Rxh8 Rxh8) 30. Rhd1 (30. Rbd1 $1 $11 {keeps the balance.} Qc7 31. Rxh8 Rxh8 32. Kg1) 30... Qc7 31. Bf1 Rh1 (31... Rcg8 $142 32. Be2 Nh5) 32. Be2 $17 Rxd1 33. Rxd1 Rh8 34. Kg1 $1 Qc6 35. Bf1 f6 36. Rb1 Qc7 37. Rd1 Qc6 (37... Kd7 $15) 38. Bf2 {[#]} (38. Rb1 $1 $11) 38... g4 $1 {[%mdl 512]} 39. Bg3 (39. Nxg4 Bxg4) 39... Nh5 40. Bh4 Nf4 41. Bg3 $1 Nh5 42. Bh4 $1 {Precision: White = 39%, Black = 43%.} 1/2-1/2

[Event "Moscow Open-F 2019"]
[Site "Moscow"]
[Date "2019.01.31"]
[Round "7"]
[White "Nyudleev, Dolgan"]
[Black "Ivlev, Aleksey"]
[Result "1/2-1/2"]
[WhiteElo "2333"]
[BlackElo "2326"]
[Annotator "NA RC"]
[PlyCount "80"]
[EventDate "2019.01.26"]
[EventType "swiss"]
[EventCountry "RUS"]
[SourceTitle "playchess.com"]
[Source "ChessBase"]
[SourceQuality "1"]
[TimeControl "40/5400+30:1800+30"]

{[%evp 8,78,16,6,8,-4,32767,32767,20,-6,0,0,0,0,-5,14,0,0,0,0,0,-13,0,0,0,-12,0,-33,-31,32767,-25,-20,32767,-21,-19,-19,-15,-18,-11,-34,0,0,0,32767,-17,-12,-22,32767,-16,32767,32767,-16,32767,32767,32767,32767,-8,-24,32767,-16,-22,-21,-27,32767,-27,-30,32767,-21,-16,-29,-23,-24,0]} 1. e4 {[%emt 0:20:12]} e5 {[%emt 0:00:00]} 2. Nf3 {[%emt 0:00:20]} Nc6 {[%emt 0:00:00]} 3. Nc3 {[%emt 0:00:07]} Nf6 {[%emt 0:00:00]} 4. Bb5 {[%emt 0:00:08]} Bb4 {[%emt 0:01:27]} 5. O-O {[%emt 0:00:14]} O-O {[%emt 0:00:04]} 6. Nd5 {[%emt 0:00:04]} Nxd5 {[%emt 0:03:13]} 7. exd5 {[%emt 0:00:02]} e4 {[%emt 0:00:46]} 8. dxc6 {[%emt 0:02:01]} dxc6 {[%emt 0:01:37]} 9. Be2 {[%emt 0:00:52]} exf3 {[%emt 0:00:08]} 10. Bxf3 {[%emt 0:00:02]} Qf6 $146 {[%emt 0:01:48] C49: Four Knights: 4 Bb5 Bb4} ({Predecessor:} 10... Re8 11. d4 Be6 12. c3 Bd6 13. Be3 Qf6 {½-½ (28) Jerez Perez,A (2300)-Narciso Dublan,M (2450) Barcelona 1998}) 11. d4 {[%emt 0:01:41]} Be6 {[%emt 0:02:09]} 12. c3 {[%emt 0:01:42]} Bd6 {[%emt 0:00:07]} 13. Re1 {[%emt 0:06:44]} Rfe8 {[%emt 0:03:00]} 14. Be3 {[%emt 0:02:09]} Bd5 {[%emt 0:00:37]} ({Predecessor:} 14... Re7 15. Qd3 Bd5 16. Bxd5 cxd5 17. Bd2 Rae8 18. Rxe7 Rxe7 {½-½ (28) Jerez Perez,A (2300)-Narciso Dublan,M (2450) Barcelona 1998}) 15. Bxd5 {[%emt 0:04:05]} cxd5 {[%emt 0:00:01]} 16. Qh5 {[%emt 0:02:32]} c6 {[%emt 0:01:12]} 17. Qg5 {[%emt 0:02:41]} Qxg5 {[%emt 0:06:25]} 18. Bxg5 {[%emt 0:00:14]} f6 {[%emt 0:01:07]} 19. Bd2 {[%emt 0:00:44]} Kf7 {[%emt 0:00:06]} 20. g3 {[%emt 0:00:41]} h5 {[%emt 0:01:23]} 21. Rxe8 {[%emt 0:01:02]} Kxe8 {[%emt 0:01:15]} 22. Re1+ {[%emt 0:00:17]} Kd7 {[%emt 0:00:05]} 23. Kg2 {[%emt 0:00:54]} Re8 {[%emt 0:05:12]} 24. Rxe8 {[%emt 0:00:41]} Kxe8 {[%emt 0:00:01]} 25. f4 {[%emt 0:00:58]} g6 {[%emt 0:02:09]} 26. Kf3 {[%emt 0:00:39]} f5 {[%emt 0:00:53]} 27. Ke3 {[%emt 0:00:51]} Kd7 {[%emt 0:00:17]} 28. Kd3 {[%emt 0:00:16]} Ke6 {[%emt 0:00:06]} 29. Be3 {[%emt 0:00:16]} Be7 {[%emt 0:00:47]} 30. h4 {[%emt 0:00:21]} Bf6 {[%emt 0:00:38]} 31. Bd2 {[%emt 0:00:22]} Kd6 {[%emt 0:00:12]} 32. Be3 {[%emt 0:00:29]} a5 {[%emt 0:00:21]} 33. a4 {[%emt 0:00:22]} b5 {[%emt 0:00:50]} 34. b3 {[%emt 0:00:06]} Kc7 {[%emt 0:00:22]} 35. Bc1 {[%emt 0:00:42]} Be7 {[%emt 0:00:19]} 36. Be3 {[%emt 0:01:48]} Kb6 {[%emt 0:00:43]} 37. Bf2 {[%emt 0:01:29]} Bf8 {[%emt 0:01:36]} 38. Be3 {[%emt 0:00:23]} Ba3 {[%emt 0:01:10]} 39. Bf2 {[%emt 0:02:30]} Bf8 $11 {[%emt 0:00:38]} 40. Be3 {[%emt 0:00:13]} Be7 {[%emt 0:01:10] Ke4} 1/2-1/2

[Event "Moscow Open-F 2019"]
[Site "Moscow"]
[Date "2019.01.31"]
[Round "7"]
[White "Aleksandrovskiy, Dmitriy"]
[Black "Grachev, Andrey"]
[Result "1-0"]
[WhiteElo "2299"]
[BlackElo "2181"]
[Annotator "NA"]
[PlyCount "61"]
[EventDate "2019.01.26"]
[EventType "swiss"]
[EventCountry "RUS"]
[SourceTitle "playchess.com"]
[Source "ChessBase"]
[SourceQuality "1"]
[TimeControl "40/5400+30:1800+30"]

{[%evp 8,49,12,5,32767,8,0,0,9,0,3,32767,0,0,36,33,36,38,32767,37,52,50,49,40,87,52,89,32767,102,114,89,87,174,112,456,217,209,32767,32767,32767,122,116,111,127]} 1. g3 {[%emt 0:19:28]} d6 {[%emt 0:01:47]} 2. Bg2 {[%emt 0:00:30]} e5 {[%emt 0:00:34]} 3. c4 {[%emt 0:00:05]} g6 {[%emt 0:01:00]} 4. Nc3 {[%emt 0:00:09]} Bg7 {[%emt 0:00:06]} 5. e3 {[%emt 0:00:16]} f5 {[%emt 0:03:30]} 6. d3 {[%emt 0:00:12] LiveBook: 152 Games} Nf6 {[%emt 0:00:06]} 7. Nge2 {[%emt 0:00:07]} O-O {[%emt 0:00:20]} 8. O-O {[%emt 0:00:11]} c6 {[%emt 0:03:56]} 9. b4 {[%emt 0:00:17]} Be6 {[%emt 0:01:32]} 10. b5 {[%emt 0:08:07]} Qc8 {[%emt 0:13:08]} 11. Ba3 {[%emt 0:04:47]} Rd8 {[%emt 0:01:05]} 12. bxc6 {[%emt 0:04:16]} bxc6 {[%emt 0:00:12]} 13. Qa4 {[%emt 0:00:54]} Bf7 {[%emt 0:05:55]} 14. Rab1 {[%emt 0:05:00]} Be8 {[%emt 0:08:59]} 15. Qa5 {[%emt 0:04:41]} Bf8 {[%emt 0:00:49]} 16. e4 {[%emt 0:09:59]} fxe4 {[%emt 0:12:38]} 17. Nxe4 {[%emt 0:00:24]} Nxe4 {[%emt 0:00:05]} 18. Bxe4 {[%emt 0:00:13]} Nd7 {[%emt 0:09:35]} 19. f4 {[%emt 0:01:08]} exf4 {[%emt 0:01:54]} (19... Bf7 $16) 20. Nxf4 {[%emt 0:04:35]} Nc5 $2 {[%emt 0:00:06] [#]} (20... Bf7 $16 {is more resistant.}) 21. Bg2 {[%emt 0:01:07]} (21. Nd5 $142 $1 {[%mdl 512]} Nxe4 (21... cxd5 22. Bxd5+) 22. dxe4) 21... Bg7 {[%emt 0:00:50]} 22. Kh1 {[%emt 0:03:45]} g5 {[%emt 0:04:36]} 23. d4 {[%emt 0:04:59]} Bxd4 {[%emt 0:03:34] [#]} 24. Qd2 $1 {[%emt 0:00:26]} Bg7 {[%emt 0:01:16] [#]} 25. Nd5 $16 {[%emt 0:03:40]} cxd5 {[%emt 0:11:34]} 26. Bxd5+ {[%emt 0:00:04]} Ne6 {[%emt 0:00:50]} 27. Rb7 {[%emt 0:01:33]} Qxb7 {[%emt 0:06:14]} 28. Bxb7 {[%emt 0:00:06]} d5 {[%emt 0:00:03]} 29. Bxa8 {[%emt 0:00:35]} dxc4 {[%emt 0:00:07]} 30. Qe3 {[%emt 0:03:52]} Nc7 {[%emt 0:00:47]} 31. Qe7 {[%emt 0:00:17]} 1-0

[Event "Moscow Open-F 2019"]
[Site "Moscow"]
[Date "2019.01.31"]
[Round "7"]
[White "Rudometov, Maxim"]
[Black "Kuzub, Pavel"]
[Result "1-0"]
[WhiteElo "2265"]
[BlackElo "1976"]
[Annotator "NA"]
[PlyCount "103"]
[EventDate "2019.01.26"]
[EventType "swiss"]
[EventCountry "RUS"]
[SourceTitle "playchess.com"]
[Source "ChessBase"]
[SourceQuality "1"]
[TimeControl "40/5400+30:1800+30"]

1. c4 {[%emt 0:00:16]} c6 {[%emt 0:20:04]} 2. Nc3 {[%emt 0:00:35]} d5 {[%emt 0:00:31]} 3. e3 {[%emt 0:00:38]} Nf6 {[%emt 0:00:08]} 4. Nf3 {[%emt 0:00:34]} e6 {[%emt 0:02:40]} 5. b3 {[%emt 0:00:27]} Nbd7 {[%emt 0:00:25]} 6. Bb2 {[%emt 0:00:22]} Be7 {[%emt 0:01:07]} 7. d4 {[%emt 0:02:05]} b6 {[%emt 0:00:29]} 8. Bd3 {[%emt 0:00:21]} Bb7 {[%emt 0:00:46]} 9. O-O {[%emt 0:00:22]} O-O {[%emt 0:00:19]} 10. Qe2 {[%emt 0:00:38]} c5 {[%emt 0:02:48]} 11. cxd5 {[%emt 0:15:55]} exd5 {[%emt 0:01:51]} 12. Rfd1 {[%emt 0:02:22]} Re8 {[%emt 0:03:21]} 13. Ba6 {[%emt 0:04:37]} Qb8 {[%emt 0:08:43]} 14. Rac1 {[%emt 0:07:06]} Bd6 {[%emt 0:13:03]} 15. h3 {[%emt 0:07:48]} (15. dxc5 $16 bxc5 16. Bxb7 Qxb7 17. Qd2) 15... cxd4 {[%emt 0:06:55]} 16. Nxd4 {[%emt 0:00:56]} Nc5 {[%emt 0:00:22]} ({Black should try} 16... Bh2+ 17. Kh1 Be5) 17. Bxb7 {[%emt 0:06:34]} Qxb7 {[%emt 0:00:12]} 18. Nf5 {[%emt 0:03:54]} Be5 {[%emt 0:03:03]} 19. b4 {[%emt 0:10:35]} Qd7 $2 {[%emt 0:09:32]} (19... Nce4 $16) 20. Nxg7 {[%emt 0:19:37]} Kxg7 {[%emt 0:03:17]} 21. bxc5 {[%emt 0:00:05]} bxc5 {[%emt 0:00:06]} 22. Nxd5 {[%emt 0:04:10]} Nxd5 {[%emt 0:01:32]} 23. Rxc5 {[%emt 0:00:24]} Rad8 {[%emt 0:08:08]} 24. Rcxd5 {[%emt 0:05:03]} Qxd5 {[%emt 0:00:07]} 25. Rxd5 {[%emt 0:00:02]} Rxd5 {[%emt 0:00:01]} 26. Qg4+ {[%emt 0:03:04]} Kf8 {[%emt 0:01:27]} 27. Ba3+ {[%emt 0:02:04]} Bd6 {[%emt 0:00:20]} 28. Bxd6+ {[%emt 0:00:25]} Rxd6 {[%emt 0:00:01]} 29. Qb4 {[%emt 0:00:07]} Red8 {[%emt 0:00:35]} 30. h4 {[%emt 0:00:17]} Kg8 {[%emt 0:00:34]} 31. g4 {[%emt 0:00:40]} a6 {[%emt 0:02:07]} 32. h5 {[%emt 0:00:37]} h6 {[%emt 0:01:03]} 33. a4 {[%emt 0:00:25]} Re6 {[%emt 0:00:44]} 34. Kg2 {[%emt 0:00:13]} Rde8 {[%emt 0:00:24]} 35. Kf3 {[%emt 0:00:16]} Rf6+ {[%emt 0:00:13]} 36. Kg3 {[%emt 0:00:04]} Rfe6 {[%emt 0:00:03]} 37. Qf4 {[%emt 0:00:37]} Kg7 {[%emt 0:01:32]} 38. Qd4+ {[%emt 0:00:37]} Kg8 {[%emt 0:00:34]} 39. Kf4 {[%emt 0:00:15]} Kh7 {[%emt 0:01:10]} 40. e4 {[%emt 0:00:16]} R8e7 {[%emt 0:01:01]} 41. Kf5 {[%emt 0:30:54]} Rb7 {[%emt 0:33:50]} 42. f4 {[%emt 0:01:01]} Reb6 {[%emt 0:03:41]} 43. Qc4 {[%emt 0:01:35]} Kg7 {[%emt 0:01:06]} 44. g5 {[%emt 0:00:29]} Re6 {[%emt 0:01:02]} 45. Qd4+ {[%emt 0:00:26]} Kg8 {[%emt 0:00:27]} 46. g6 {[%emt 0:00:38]} Rbe7 {[%emt 0:00:51]} 47. gxf7+ {[%emt 0:00:09]} Kxf7 {[%emt 0:00:16]} 48. Qc4 {[%emt 0:01:13]} Re8 {[%emt 0:00:23]} 49. a5 {[%emt 0:00:24]} R8e7 {[%emt 0:00:06]} 50. e5 $18 {[%emt 0:00:05]} Re8 {[%emt 0:00:08]} 51. Qd5 {[%emt 0:00:22]} R8e7 {[%emt 0:00:11]} 52. Ke4 {[%emt 0:00:17]} 1-0

[Event "Moscow Open-F 2019"]
[Site "Moscow"]
[Date "2019.01.31"]
[Round "7"]
[White "Thing, Bibek"]
[Black "Pischasov, Alexander"]
[Result "1-0"]
[WhiteElo "2264"]
[BlackElo "2022"]
[Annotator "ChessBase"]
[PlyCount "85"]
[EventDate "2019.01.26"]
[EventType "swiss"]
[EventCountry "RUS"]
[SourceTitle "playchess.com"]
[Source "ChessBase"]
[SourceQuality "1"]
[TimeControl "40/5400+30:1800+30"]

1. e4 {[%emt 0:08:34]} c5 {[%emt 0:00:00]} 2. c3 {[%emt 0:02:00]} e6 {[%emt 0:03:22]} 3. Nf3 {[%emt 0:00:32]} d5 {[%emt 0:01:46]} 4. exd5 {[%emt 0:00:20]} Qxd5 {[%emt 0:01:15]} 5. d4 {[%emt 0:00:14]} cxd4 {[%emt 0:01:06]} 6. cxd4 {[%emt 0:00:13]} Nf6 {[%emt 0:00:45]} 7. Bd3 {[%emt 0:02:07]} Nc6 {[%emt 0:02:24]} 8. O-O {[%emt 0:01:36]} Be7 {[%emt 0:01:20]} 9. Nc3 {[%emt 0:00:09]} Qd8 {[%emt 0:01:29]} 10. Qe2 {[%emt 0:01:21]} O-O {[%emt 0:01:49]} 11. Rd1 {[%emt 0:00:55]} Nb4 {[%emt 0:04:25]} 12. Ne5 {[%emt 0:03:31]} Bd7 {[%emt 0:26:34]} 13. Nxd7 {[%emt 0:04:21]} Qxd7 {[%emt 0:01:13]} 14. Bb5 Qd8 {[%emt 0:04:40]} 15. h4 {[%emt 0:04:54]} Rc8 {[%emt 0:05:59]} 16. h5 {[%emt 0:00:47]} Nbd5 {[%emt 0:03:02]} 17. h6 {[%emt 0:02:54]} g6 {[%emt 0:04:05]} 18. Bc4 {[%emt 0:04:50]} Nxc3 {[%emt 0:03:51]} 19. bxc3 {[%emt 0:01:35]} Nd5 {[%emt 0:01:24]} 20. Bd2 {[%emt 0:05:13]} Qd6 {[%emt 0:09:13]} 21. Rac1 {[%emt 0:08:24]} Nf4 {[%emt 0:02:59]} 22. Qg4 {[%emt 0:17:09]} Rxc4 {[%emt 0:01:11]} 23. Bxf4 {[%emt 0:02:53]} Qd5 {[%emt 0:00:06]} 24. Re1 {[%emt 0:00:53]} Rfc8 {[%emt 0:01:05]} 25. Re5 {[%emt 0:01:23]} Qd8 {[%emt 0:01:46]} 26. Bd2 {[%emt 0:07:45]} Bf6 {[%emt 0:00:54]} 27. Re4 {[%emt 0:01:30]} Qd5 {[%emt 0:01:26]} 28. Rce1 {[%emt 0:00:54]} b5 {[%emt 0:01:38]} 29. Rf4 {[%emt 0:02:49]} Bh8 {[%emt 0:00:20]} 30. a3 {[%emt 0:02:26]} Ra4 {[%emt 0:00:49]} 31. Qh4 {[%emt 0:02:59]} Qd7 {[%emt 0:00:57]} 32. Rf3 {[%emt 0:01:25]} e5 {[%emt 0:02:35]} 33. Rfe3 {[%emt 0:00:52]} exd4 {[%emt 0:03:53]} 34. Qh3 {[%emt 0:00:47]} f5 {[%emt 0:00:58]} 35. Re7 {[%emt 0:00:46]} Qc6 {[%emt 0:00:19]} 36. R1e6 {[%emt 0:01:22]} Qc5 {[%emt 0:01:21]} 37. Qg3 {[%emt 0:01:50]} dxc3 {[%emt 0:03:19]} 38. Rxg6+ {[%emt 0:00:25]} Kf8 {[%emt 0:00:01]} 39. Rxh7 Qd5 {[%emt 0:01:27]} 40. Rxh8+ {[%emt 0:00:37]} Kf7 {[%emt 0:01:10]} 41. Rh7+ {[%emt 0:30:09]} Kf8 {[%emt 0:30:09]} 42. Rg8+ {[%emt 0:00:12]} Qxg8 {[%emt 0:00:10]} 43. Qd6+ 1-0